Name a Country Where These Mammals Are Found #6 - Statistics

General Stats
  • This quiz has been taken 13 times
  • The average score is 66 of 147
Answer Stats
Picture Hint Answer % Correct
White-Tailed Prairie Dog United States of America
90%
Golden Bamboo Lemur Madagascar
80%
Somali Bushbaby Somalia | Kenya | Ethiopia
80%
Black-Tailed Prairie Dog United States of America | Mexico | Canada
80%
Asia Minor Ground Squirrel Armenia | Iran | Turkey
70%
Black-and-White Ruffed Lemur Madagascar
70%
African Bush Elephant Mozambique | Tanzania | Botswana | Namibia | Kenya | South Sudan | Ethiopia | Mali | Burkina Faso | Nigeria | Chad | Cameroon | Central African Republic | Democratic Republic of the Congo | Angola | Zambia | Zimbabwe | Rwanda | Uganda | Somalia | Eritrea | Sudan
70%
Himalayan Marmot Pakistan | India | Nepal | Bhutan | China
70%
Siberian Flying Squirrel Russia | Finland | Belarus | Estonia | Latvia | Japan | North Korea | South Korea | Mongolia | Kazakhstan | China
70%
Brazilian Porcupine Brazil | Argentina | Uruguay | Colombia | Guyana | Peru | Paraguay | Suriname | Bolivia | Trinidad & Tobago | Ecuador | France (French Guiana)
60%
African Forest Elephant Cameroon | Gabon | Equatorial Guinea | Republic of the Congo | Democratic Republic of the Congo | South Sudan | Central African Republic | Uganda | Rwanda | Nigeria | Angola | Benin | Togo | Burkina Faso | Ghana | Niger | Ivory Coast | Liberia | Guinea | Sierra Leone | Senegal
60%
Groundhog Canada | United States of America
60%
European Ground Squirrel Hungary | Czech Republic | Austria | Serbia | Ukraine | Romania | Bulgaria | Croatia | Poland | Greece | North Macedonia | Moldova | Turkey
60%
Indian Giant Squirrel India
60%
Asian Elephant India | Sri Lanka | Bangladesh | Nepal | Bhutan | Myanmar | Thailand | Laos | Cambodia | Vietnam | Malaysia | Indonesia | China
60%
Coquerel's Sifaka Madagascar
60%
Golden-Crowned Sifaka Madagascar
60%
Indri Madagascar
60%
Ring-Tailed Lemur Madagascar
60%
Blue-Eyed Black Lemur Madagascar
60%
Red Ruffed Lemur Madagascar
60%
Baja California Rock Squirrel Mexico
60%
Philippine Tarsier Philippines
60%
Eurasian Beaver Russia | Estonia | Latvia | Lithuania | Belarus | Ukraine | Norway | Sweden | France | Germany | Poland | Czech Republic | Austria | Slovakia | Hungary | Croatia | Finland | Belgium | Bosnia & Herzegovina | Romania | Serbia | Spain
60%
Mountain Beaver United States of America | Canada
60%
North American Beaver United States of America | Canada | Chile | Argentina | Finland | Russia
60%
Patagonian Mara Argentina
50%
Bengal Slow Loris Bangladesh | India | Myanmar | Thailand | Laos | Cambodia | Vietnam | China
50%
Capybara Brazil | Uruguay | Paraguay | Bolivia | Argentina | Peru | Ecuador | Colombia | Venezuela | Guyana | Suriname | France (French Guiana)
50%
Vancouver Island Marmot Canada
50%
Arctic Ground Squirrel Canada | Russia | United States of America
50%
Hoary Marmot Canada | United States of America
50%
Richardson's Ground Squirrel Canada | United States of America
50%
American Red Squirrel Canada | United States of America
50%
Least Chipmunk Canada | United States of America
50%
North American Porcupine Canada | United States of America | Mexico
50%
Long-Tailed Chinchilla Chile
50%
Malayan Porcupine China | India | Bhutan | Nepal | Myanmar | Thailand | Cambodia | Laos | Vietnam | Malaysia | Indonesia | Singapore | Brunei
50%
Asiatic Brush-Tailed Porcupine China | India | Myanmar | Thailand | Laos | Cambodia | Vietnam | Malaysia | Bangladesh
50%
Andean Squirrel Colombia | Ecuador
50%
Central American Dwarf Squirrel Costa Rica | Panama | Colombia
50%
Guayaquil Squirrel Ecuador | Peru
50%
Alpine Marmot France | Italy | Germany | Switzerland | Slovenia | Austria | Andorra | Spain | Poland | Romania | Slovakia | Ukraine | Hungary
50%
Hispaniolan Hutia Haiti | Dominican Republic
50%
Siau Island Tarsier Indonesia
50%
Javan Slow Loris Indonesia
50%
Crowned Lemur Madagascar
50%
Eastern Woolly Lemur Madagascar
50%
Golden-Brown Mouse Lemur Madagascar
50%
Fat-Tailed Dwarf Lemur Madagascar
50%
Von der Decken's Sifaka Madagascar
50%
Mexican Gray Squirrel Mexico | Guatemala
50%
Central American Agouti Mexico | Guatemala | Belize | El Salvador | Honduras | Nicaragua | Costa Rica | Panama | Ecuador | Colombia | Venezuela
50%
Barbary Ground Squirrel Morocco | Spain (Canary Islands)
50%
Andean Porcupine Panama | Ecuador | Colombia
50%
Red Squirrel Russia | China | North Korea | South Korea | Japan | Mongolia | Kazakhstan | Kyrgyzstan | Georgia | Turkey | Norway | Sweden | Finland | Denmark | Estonia | Latvia | Lithuania | Ukraine | Poland | Germany | Netherlands | Belgium | United Kingdom | Ireland | Luxembourg | Spain | Portugal | Italy | San Marino | Monaco | Vatican City | Switzerland | Slovenia | Liechtenstein | Andorra | Austria | Czech Republic | Hungary | Belarus | Slovakia | Romania | Bulgaria | Croatia | Bosnia & Herzegovina | Greece | Serbia | North Macedonia | Kosovo | Montenegro | Moldova | Albania
50%
Siberian Chipmunk Russia | Mongolia | Kazakhstan | China | North Korea | South Korea | Japan | Germany | Netherlands | Belgium
50%
Naked Mole-Rat Somalia | Ethiopia | Kenya
50%
Cape Mole-Rat South Africa
50%
Cape Dune Mole-Rat South Africa
50%
Cape Porcupine South Africa | Lesotho | Eswatini | Zimbabwe | Botswana | Namibia | Mozambique | Zambia | Angola | Democratic Republic of the Congo | Malawi | Tanzania | Kenya | Uganda | Rwanda | Burundi | Republic of the Congo
50%
Cape Ground Squirrel South Africa | Lesotho | Namibia | Botswana
50%
Garden Dormouse Spain | Portugal | France | Andorra | Monaco | Italy | San Marino | Vatican City | Germany | Liechtenstein | Switzerland | Austria | Luxembourg | Belgium | Croatia | Poland | Slovakia | Russia | Finland | Belarus | Ukraine | Moldova | Romania | Hungary | Latvia | Estonia
50%
Black Giant Squirrel Thailand | Myanmar | China | Laos | Cambodia | Vietnam | India | Bangladesh | Indonesia | Malaysia | Bhutan | Nepal
50%
Southeastern Pocket Gopher United States of America
50%
Olympic Marmot United States of America
50%
Eastern Chipmunk United States of America | Canada
50%
Eastern Gray Squirrel United States of America | Canada
50%
Fox Squirrel United States of America | Canada | Mexico
50%
Rio Grande Ground Squirrel United States of America | Mexico
50%
Abert's Squirrel United States of America | Mexico
50%
Western Gray Squirrel United States of America | Mexico
50%
Yellow Ground Squirrel Afghanistan | China | Iran | Kazakhstan | Turkmenistan | Uzbekistan | Russia
40%
Long-Tailed Marmot Afghanistan | Kyrgyzstan | Tajikistan | Uzbekistan | Pakistan | India | China | Kazakhstan
40%
Mohol Bushbaby Angola | Zambia | Democratic Republic of the Congo | Zimbabwe | Botswana | Namibia | South Africa | Eswatini | Tanzania | Mozambique | Burundi | Rwanda | Malawi
40%
Southern Viscacha Argentina | Bolivia | Chile | Peru
40%
Plains Viscacha Argentina | Paraguay | Bolivia
40%
Nutria Argentina | Paraguay | Uruguay | Brazil | Bolivia | United States of America | Norway | Sweden | Finland | Denmark | United Kingdom | France | Germany | Poland | Italy | Spain | Austria | Czech Republic | Switzerland | Hungary | Romania | Netherlands | Belgium | Greece | Japan
40%
Damaraland Mole-Rat Botswana | Namibia | South Africa | Zambia | Zimbabwe
40%
Black Dwarf Porcupine Brazil
40%
Shiny Guinea Pig Brazil
40%
Common Punaré Brazil
40%
Baturite Porcupine Brazil
40%
Tiny Tuco-Tuco Brazil | Bolivia
40%
Lowland Paca Brazil | Bolivia | Paraguay | Uruguay | Argentina | Peru | Ecuador | Colombia | Venezuela | Suriname | Guyana | Panama | Costa Rica | Nicaragua | Honduras | El Salvador | Belize | Guatemala | Mexico | Cuba | France (French Guiana)
40%
Red-Rumped Agouti Brazil | Colombia | Venezuela | Guyana | Suriname | France (French Guiana)
40%
Azara's Agouti Brazil | Paraguay | Argentina
40%
Greater Guinea Pig Brazil | Uruguay
40%
Red and White Giant Flying Squirrel China | Taiwan
40%
Prince Demidoff's Bushbaby Democratic Republic of the Congo | Uganda | Burundi | Rwanda | Angola | Gabon | Equatorial Guinea | Republic of the Congo | Cameroon | Nigeria | Central African Republic | Benin | Togo | Ghana | Ivory Coast | Guinea | Sierra Leone | Liberia | Guinea-Bissau | Senegal
40%
Gray Slender Loris India | Sri Lanka
40%
Red Giant Flying Squirrel Indonesia | China | India | Nepal | Bhutan | Bangladesh | Myanmar | Thailand | Malaysia | Brunei | Singapore | Vietnam
40%
Horsfield's Tarsier Indonesia | Malaysia | Brunei
40%
Bobak Marmot Kazakhstan | Russia | Ukraine
40%
Silky Sifaka Madagascar
40%
Aye-Aye Madagascar
40%
Yellow-Faced Pocket Gopher Mexico | United States of America
40%
Crested Porcupine Morocco | Algeria | Tunisia | Italy | San Marino | Vatican City | Libya | Sudan | South Sudan | Ethiopia | Uganda | Rwanda | Burundi | Tanzania | Democratic Republic of the Congo | Cameroon | Nigeria | Togo | Benin | Ghana | Ivory Coast | Burkina Faso | Mali | Guinea | Gambia | Senegal | Guinea-Bissau | Sierra Leone | Liberia | Mauritania
40%
Hodgson's Giant Flying Squirrel Myanmar | Nepal | Bhutan | India | China
40%
Pacarana Peru | Brazil | Ecuador | Bolivia | Colombia | Venezuela
40%
Black-Capped Marmot Russia
40%
Grizzled Giant Squirrel Sri Lanka | India
40%
Northern Greater Galago Tanzania | Kenya | Somalia
40%
Camas Pocket Gopher United States of America
40%
Yellow-Pine Chipmunk United States of America | Canada
40%
Columbian Ground Squirrel United States of America | Canada
40%
Yellow-Bellied Marmot United States of America | Canada
40%
Harris's Antelope Squirrel United States of America | Mexico
40%
Botta's Pocket Gopher United States of America | Mexico
40%
Black Agouti Venezuela | Colombia | Ecuador | Brazil | Peru
40%
Pygmy Slow Loris Vietnam | Laos | Cambodia | China
40%
Emily's Tuco-Tuco Argentina
30%
Chacoan Mara Argentina | Bolivia | Paraguay
30%
Southern Mountain Cavy Argentina | Chile | Bolivia
30%
Ferreira's Spiny Tree-Rat Bolivia | Brazil | Colombia | Ecuador | Guyana | Peru | Suriname | Venezuela | France (French Guiana)
30%
Rock Cavy Brazil
30%
Acrobatic Cavy Brazil
30%
Bristle-Spined Rat Brazil
30%
Coruro Chile
30%
Common Degu Chile
30%
Tarbagan Marmot China | Mongolia | Russia
30%
Particolored Flying Squirrel China | Vietnam | Laos | Cambodia | Thailand | Myanmar | India | Nepal | Bhutan
30%
Western Dwarf Squirrel Colombia | Ecuador | Panama
30%
Brown Hairy Dwarf Porcupine Colombia | Venezuela
30%
Desmarest's Hutia Cuba
30%
Streaked Dwaf Porcupine Ecuador
30%
Variegated Squirrel Honduras | Nicaragua | Mexico | Guatemala | El Salvador | Costa Rica | Panama | Mexico
30%
Northern Palm Squirrel India | Nepal | Bangladesh | Pakistan | Iran
30%
Ear-Spot Squirrel Indonesia | Malaysia
30%
Cream-Coloured Giant Squirrel Indonesia | Malaysia | Brunei | Thailand
30%
Black-Striped Squirrel Indonesia | Malaysia | Thailand
30%
Prevost's Squirrel Indonesia | Malaysia | Thailand | Brunei
30%
Plantain Squirrel Indonesia | Malaysia | Thailand | Brunei
30%
Collie's Squirrel Mexico
30%
Dassie Rat Namibia | South Africa | Angola
30%
Northern Needle-Clawed Bushbaby Nigeria | Cameroon | Equatorial Guinea
30%
Greater Cane Rat Senegal | Gambia | Guinea | Guinea-Bissau | Liberia | Sierra Leone | Ivory Coast | Ghana | Burkina Faso | Benin | Togo | Cameroon | Nigeria | Gabon | Equatorial Guinea | Mali | Central African Republic | Republic of the Congo | South Sudan | Democratic Republic of the Congo | Angola | Uganda | Rwanda | Kenya | Burundi | Tanzania | Zambia | Zimbabwe | Botswana | Namibia | Mozambique | Malawi | Eswatini | South Africa
30%
Red-Legged Sun Squirrel Senegal | Nigeria | Equatorial Guinea | Rwanda | Gabon | Ivory Coast | Democratic Republic of the Congo | Sierra Leone | Ghana | Kenya | Uganda | Republic of the Congo | Tanzania
30%
Spectacled Dormouse South Africa
30%
Common Mole-Rat South Africa | Eswatini | Lesotho | Malawi | Mozambique | Tanzania | Zambia | Zimbabwe
30%
Red Slender Loris Sri Lanka
30%
Grey-Bellied Squirrel Thailand | Myanmar | Laos | Malaysia | China | Cambodia
30%
Common Gundi Tunisia | Algeria | Libya | Morocco
30%
Uinta Ground Squirrel United States of America
30%
Golden-Mantled Ground Squirrel United States of America | Canada
30%
Ansell's Mole-Rat Zambia
30%
Smith's Bush Squirrel Zimbabwe | Zambia | Mozambique | Malawi | Tanzania | South Africa | Namibia | Angola | Democratic Republic of the Congo
30%
No matching quizzes found
Score Distribution
Percent of People with Each Score
Percentile by Number Answered
Your Score History
You have not taken this quiz